[Event "tht Extraliga 16/17,Lokomotiva Brno-SK Slavoj Poruba"]
[Site "Poruba"]
[Date "2017.01.29"]
[Round "6.6"]
[White "Adamek, Jiri"]
[Black "Dvorak, Adam"]
[WhiteElo "2364"]
[BlackElo "2137"]
[Result "1/2-1/2"]

1. c4  e6  2. Nc3  d5
3. d4  Nf6  4. Bg5
Be7  5. e3  O-O
6. Nf3  Nbd7  7. Rc1  Re8
8. Bd3  dxc4  9. Bxc4
c5  10. O-O  cxd4
11. exd4  h6  12. Bh4
Nb6  13. Bd3  Nfd5
14. Bg3  Bd7  15. Ne5
Nxc3  16. bxc3  Bf6
17. Qf3  Bxe5  18. Bxe5
Bc6  19. Qh3  Nd7
20. Bf4  e5  1/2-1/2

[Event "tht Extraliga 16/17,Lokomotiva Brno-SK Slavoj Poruba"]
[Site "Poruba"]
[Date "2017.01.29"]
[Round "6.7"]
[White "Kratochvil, Karel"]
[Black "Klima, Lukas"]
[WhiteElo "2221"]
[BlackElo "2360"]
[Result "1/2-1/2"]

1. d4  Nf6  2. c4  e6
3. Nc3  Bb4  4. Qc2
c5  5. dxc5  Bxc5
6. Nf3  Nc6  7. a3
a5  8. Bf4  O-O
9. e3  h6  10. Rd1  Qe7
11. Be2  Nh5  12. Bc7
d6  13. Nb5  Nf6
14. Bxd6  Bxd6  15. Nxd6
e5  16. Nxc8  Raxc8
17. O-O  e4  18. Nd4
Ne5  19. Nf5  Qe6
20. Nd6  Rc7  21. Nxe4
Nxe4  22. Qxe4  Nxc4
23. Qxe6  fxe6  24. b3
Nxa3  25. Ra1  Nc2
26. Rxa5  Rd8  27. Rc1
Rc3  28. Bg4  Kf7
29. h3  b6  30. Ra2
Rdc8  31. Ra7+  Kf6
32. Rd1  g6  33. Rdd7
h5  34. f4  Rf8
35. e4  hxg4  36. hxg4  Rc5
37. g5+  Rxg5  38. fxg5+
Ke5  39. Rf7  Rh8
40. Rab7  Nd4  41. Rxb6
Rh5  42. Rb4  Kxe4
43. Kf2  Rxg5  44. Rbb7
Rc5  45. Rb6  Rc2+
46. Kg3  g5  47. b4
Rb2  48. Rf8  e5
49. Re8  Nf5+  50. Kh2
Ne3  51. Rb5  Kf4
52. Rf8+  Ke4  53. Re8
Kf4  54. Rf8+  Ke4
55. Re8 1/2-1/2

[Event "tht Extraliga 16/17,Lokomotiva Brno-SK Slavoj Poruba"]
[Site "Poruba"]
[Date "2017.01.29"]
[Round "6.8"]
[White "Sosna, Jan"]
[Black "Kulovana, Eva"]
[WhiteElo "2347"]
[BlackElo "2164"]
[Result "1-0"]

1. d4  d5  2. Nf3  Nf6
3. c3  c5  4. e3
Nc6  5. dxc5  e6
6. b4  a5  7. Bb5
Bd7  8. a4  axb4
9. Bxc6  Bxc6  10. cxb4
b6  11. Bb2  bxc5
12. b5  Bd7  13. Nbd2
Bd6  14. O-O  O-O
15. Qc2  Qc7  16. Rfb1
Rfb8  17. e4  Ne8
18. Nf1  h6  19. Ne3
Qb7  20. Ne5  Rd8
21. Nxd7  Rxd7  22. exd5
exd5  23. Rd1  Bf8
24. Be5  Rad8  25. Qb2
Nc7  26. Bxc7  Qxc7
27. a5  c4  28. b6
Qc6  29. Nf5  c3
30. Qc2  d4  31. Qd3
Bc5  32. Ng3  Re8
33. h3  Rde7  34. Nf5
Rd7  35. Re1  Ra8
36. Ra2  Qb7  37. Re5
Rd5  38. a6  Rxa6
39. Re8+  Bf8  40. Rxa6
Rxf5  41. Raa8  1-0

[Event "tht Extraliga 16/17,Duras Brno-Labortech Ostrava"]
[Site "Ostrava"]
[Date "2017.01.29"]
[Round "6.2"]
[White "Jakubiec, Artur"]
[Black "Ponizil, Cyril"]
[WhiteElo "2496"]
[BlackElo "2503"]
[Result "1/2-1/2"]

1. e4  c5  2. g3  Nc6
3. Bg2  g6  4. c3
Bg7  5. Ne2  e5
6. d3  Nge7  7. Be3  d6
8. O-O  O-O  9. f4
Bg4  10. Nd2  Qd7
11. Nf3  Rac8  12. Rf2
b6  13. Nh4  exf4
14. Bxf4  d5  15. Nf3
dxe4  16. dxe4  Qxd1+
17. Rxd1  Rcd8  18. Rff1
h6  19. h4  Bc8
20. Bc7  Rxd1  21. Rxd1  Be6
22. Nf4  Bxa2  23. Bh3
Na5  24. Rd7  Nec6
25. e5  Re8  26. e6
Bxe6  27. Bxe6  fxe6
28. Nxg6  e5  29. h5
Bf6  30. Nfh4  Bxh4
31. gxh4  Re6  32. Kg2
c4  33. Bd6  Rf6
34. Bxe5  Nxe5  35. Nxe5
Re6  36. Ng4  Nc6
37. Kg3  a5  38. Kf4
Ne7  39. Rd4  b5
40. Re4  Nd5+  41. Kf5
Rxe4  42. Kxe4  Nb6
43. Nxh6+  Kh7  44. Nf5
Na4  45. Nd6  Kh6
46. Nxb5  Nxb2  47. Kd4
Kxh5  48. Na3  Nd1
49. Nxc4  Nxc3  1/2-1/2

[Event "tht Extraliga 16/17,Duras Brno-Labortech Ostrava"]
[Site "Ostrava"]
[Date "2017.01.29"]
[Round "6.4"]
[White "Rasik, Vitezslav"]
[Black "Simacek, Pavel"]
[WhiteElo "2455"]
[BlackElo "2487"]
[Result "1/2-1/2"]

1. e4  c5  2. Nf3  Nc6
3. Bb5  g6  4. Bxc6
dxc6  5. d3  Bg7
6. h3  Nf6  7. Nc3
Nd7  8. Be3  e5
9. Qd2  h6  10. O-O  Qe7
11. Nh2 Nf8 12. f4  exf4  13.
Bxf4  Ne6  14. Bg3  Nd4
15. Rae1 Be6 16. Nd5  cxd5  17.
exd5  Qg5  18. Qxg5  hxg5
19. dxe6  Nxe6  20. Be5
O-O  21. Bxg7  Kxg7
22. Re5  Rfe8  23. Rfe1 Red8
24. Nf3  Kf6  25. Rf1
Rd6  26. Re3  Kg7
27. Ne5  Rf8  28. Nc4
1/2-1/2

[Event "tht Extraliga 16/17,Duras Brno-Labortech Ostrava"]
[Site "Ostrava"]
[Date "2017.01.29"]
[Round "6.5"]
[White "Blahynka, Martin"]
[Black "Kociscak, Jiri"]
[WhiteElo "2428"]
[BlackElo "2483"]
[Result "1/2-1/2"]

1. e4  e5  2. Nf3  Nc6
3. Bb5  Nf6  4. O-O
Nxe4  5. d4  Nd6
6. Bxc6  dxc6  7. dxe5
Nf5  8. Qxd8+  Kxd8
9. Rd1+  Ke8  10. Nc3 h6
11. b3  b6  12. Bb2
Bb7  13. Rd3  Rd8
14. Rad1  Rxd3  15. Rxd3
a5 16. Ne4 Be7  17. g4  c5
18. Ned2  Nh4  19. Nxh4
Bxh4  20. f4  Bc6
21. c4  Bd8  22. Kf2 Rh7 23. Nf1
f5  24. gxf5  Be4
25. Rd1  Bxf5  26. Kf3
g6  27. Ne3  Be6
28. Ke4  Rg7  29. Bc3
Rg8  30. Rg1  Kf7
31. Rf1  Ke8  32. Be1
h5  33. Rg1  Kf7
34. Bf2  Bc8  35. f5
gxf5+  36. Nxf5  Rxg1
37. Bxg1  Bg5  38. Bf2
Bb7+  39. Kd3  Bc8
40. Ng3  Bf4  41. Ke4
Bxg3  42. e6+  Kxe6
43. Bxg3  Bb7+  44. Kf4
Kd7  45. Ke3  Bg2
46. Kd3  c6  47. Bh4
Bh3  48. Kc3  Bf5
1/2-1/2

[Event "tht Extraliga 16/17,Duras Brno-Labortech Ostrava"]
[Site "Ostrava"]
[Date "2017.01.29"]
[Round "6.6"]
[White "Velicka, Petr"]
[Black "Roubalik, Jakub"]
[WhiteElo "2420"]
[BlackElo "2408"]
[Result "1/2-1/2"]

1. e4  c5  2. Nf3  Nc6
3. Bb5  Nf6  4. Bxc6
dxc6  5. d3  Qc7
6. b3  Bg4  7. Nbd2
e5 8. h3 Bh5  9. Bb2  Nd7
10. g4  Bg6  11. Nh4
O-O-O  12. Nxg6  hxg6
13. Qe2  Be7  14. O-O-O
Bg5  15. Kb1 Nf8  16. Nf3
Bf4  17. c3  Ne6
18. d4  cxd4  19. cxd4
exd4  20. Nxd4  Nxd4
21. Bxd4  Be5  22. Bxa7
Rxd1+  23. Rxd1  Rxh3
24. Be3  Qe7  25. Bb6
Bc7  26. Bxc7  Kxc7
27. e5  Rh8  28. Qc4
g5 29. f4 Re8  30. f5  Qxe5
31. Qxf7+  Re7  32. Qc4
Qe4+  33. Qxe4  Rxe4
34. Rh1  Rxg4  35. Rh7
Rg1+  36. Kb2  Rg2+
37. Kc3  Kd6  38. a4
Rg3+  39. Kc4  b5+
40. axb5  cxb5+ 41. Kxb5  Rxb3+
42. Kc4  Rf3  43. Kd4
Rf4+  44. Ke3  Ke5
45. Rxg7  Kxf5  46. Rf7+
Kg4  47. Rxf4+  gxf4+
1/2-1/2

[Event "tht Extraliga 16/17,Duras Brno-Labortech Ostrava"]
[Site "Ostrava"]
[Date "2017.01.29"]
[Round "6.7"]
[White "Vyskocil, Neklan"]
[Black "Biolek, Richard"]
[WhiteElo "2324"]
[BlackElo "2456"]
[Result "1/2-1/2"]

1. e4  c5  2. Nf3  Nc6
3. Bb5  e6  4. b3
Nge7 5. Bb2  d6  6. O-O
Bd7 7. d4 cxd4  8. Nxd4  Ng6
9. Nd2  Be7 10. Nc4 O-O  11. a4
a6  12. Bxc6  bxc6
13. Nf3  d5  14. Nce5
Nxe5  15. Nxe5  f6
16. Nxd7  Qxd7  17. Qd3
Rfd8  18. Rae1 Bc5  19. Kh1
Re8  20. f4  a5 21. Rf3 Qf7
22. Rh3  h6  23. Bd4
1/2-1/2

[Event "tht Extraliga 16/17,Duras Brno-Labortech Ostrava"]
[Site "Ostrava"]
[Date "2017.01.29"]
[Round "6.8"]
[White "Talla, Vladimir"]
[Black "Chytilek, Roman"]
[WhiteElo "2440"]
[BlackElo "2331"]
[Result "1/2-1/2"]

1. d4  Nf6  2. c4  c5
3. Nf3  cxd4  4. Nxd4
Nc6  5. Nc3  e6
6. a3  Bc5  7. Nb3  Bb6 8. e4 d5
9. c5  Bc7  10. exd5
Nxd5 11. Nxd5  exd5  12. Be2
O-O  13. O-O Qf6  14. Be3
Be5 15. Qxd5  Be6  16. Qd1
Bxb2  17. Ra2  Rad8
18. Qc2  Be5  19. Rc1 Bf5
20. Qc4  Be6  21. Qc2
Nd4  22. Bxd4  Bxd4
23. Bc4  Bf5  24. Qe2
Rfe8  25. Qf3  Be4
26. Qxf6  Bxf6  27. Re2
Bc6  28. Rxe8+  Rxe8
29. Na5  Bb2  30. Rb1
Bxa3  31. Nxc6  bxc6
32. Kf1  Bxc5  33. Rb7
Rf8  34. Rc7  Bb6
35. Rxc6  g6  36. Ba6
Kg7  37. Rc8  Rxc8
38. Bxc8  a5  39. Bd7
Kf6  40. Ke2  Ke5
41. f3  Bg1  42. h3
Kd4  43. Be8  f6
44. Bd7  Kc3  45. Be8
Kb4  46. Kd3  a4
47. Bf7  a3  48. Kc2
Bd4  49. h4  Be5
50. Kb1  Kc3  51. h5
gxh5  52. Bxh5  f5
53. Ka2  Bd6  54. g4
fxg4  1/2-1/2

[Event "tht Extraliga 16/17,Lysa nad Labem A-SK AD Jicin"]
[Site "Jicin"]
[Date "2017.01.29"]
[Round "6.1"]
[White "Najer, Evgeniy"]
[Black "Oleksiyenko, Mykhaylo"]
[WhiteElo "2679"]
[BlackElo "2638"]
[Result "1/2-1/2"]

1. d4  Nf6  2. c4  e6
3. Nf3  d5  4. Nc3
Bb4  5. Bg5  h6
6. Bxf6  Qxf6  7. e3  O-O
8. Rc1  dxc4  9. Bxc4
c5  10. O-O  cxd4
11. Ne4  Qg6  12. Bd3
f5  13. Ng3  Nc6
14. exd4  Bd6  15. Re1
Bd7  16. a3  Rad8
17. Qb3  Na5  18. Qc3
Nc6  19. Qb3  Na5
20. Qc3  Nc6  21. Qb3
1/2-1/2

[Event "tht Extraliga 16/17,Lysa nad Labem A-SK AD Jicin"]
[Site "Jicin"]
[Date "2017.01.29"]
[Round "6.2"]
[White "Socko, Bartosz"]
[Black "Landa, Konstantin"]
[WhiteElo "2615"]
[BlackElo "2611"]
[Result "1/2-1/2"]

1. d4  d5  2. c4  c6
3. e3  Nf6  4. Nf3
g6  5. Nc3  Bg7
6. Bd3  O-O  7. O-O  a6
8. a4  a5  9. b3
Bg4  10. Ba3  Re8
11. Rc1  e6  12. h3
Bxf3  13. Qxf3  Na6
14. Rfd1  Bf8  15. Bxf8
Rxf8  16. e4  Nb4
17. e5  Nh5 18. Bb1  f6
19. exf6  Rxf6  20. Qe3
Qc7  21. Rd2  Raf8
22. Na2  Nxa2  23. Bxa2
Qf7  24. Bb1  Nf4
25. Re1  Nh5  26. Bd3
Ng7  27. Bc2  Rf4
28. Ree2  Qe7  29. Qc3
Qc7  30. c5  R4f6
31. Re3  Qf7  32. Ree2
Nh5  33. Qe3  Ng7
34. Qc3  Nh5  35. Qe3
Ng7  1/2-1/2

[Event "tht Extraliga 16/17,Lysa nad Labem A-SK AD Jicin"]
[Site "Jicin"]
[Date "2017.01.29"]
[Round "6.3"]
[White "Yemelin, Vasily"]
[Black "Tazbir, Marcin"]
[WhiteElo "2556"]
[BlackElo "2524"]
[Result "1/2-1/2"]

1. d4  Nf6  2. c4  c5
3. Nf3  e6  4. e3
b6  5. Nc3  Be7
6. d5  exd5  7. cxd5  d6
8. h3  O-O  9. e4
Re8  10. Bd3  Ba6
11. O-O  Bxd3  12. Qxd3
a6  13. a4  Nbd7
14. Bf4  Qc7  15. Nd2
Bf8  16. Rfe1  Ne5
17. Bxe5  Rxe5  18. Nc4
Ree8  19. f4  Nd7
1/2-1/2

[Event "tht Extraliga 16/17,Lysa nad Labem A-SK AD Jicin"]
[Site "Jicin"]
[Date "2017.01.29"]
[Round "6.4"]
[White "Bures, Jaroslav"]
[Black "Stocek, Jiri"]
[WhiteElo "2386"]
[BlackElo "2557"]
[Result "0-1"]

1. d4  e6  2. e4  d5
3. exd5  exd5  4. Bd3
Nc6  5. c3  Bd6
6. Qf3  Be6  7. Nh3  Nf6
8. Bf4  Bxh3  9. gxh3
Bxf4  10. Qxf4  O-O
11. Rg1  Re8+  12. Kf1
Qd7  13. Qh6  g6
14. Nd2  Re7  15. Nf3
Ne4  16. Re1  Rae8
17. Re3  Nf6  18. Rxe7
Nxe7  19. Ne5  Qe6
20. Rg3  Ne4  21. Rg4
Nf5  22. Qf4  c5
23. Bxe4  dxe4  24. Qxe4
cxd4  25. cxd4  f6
26. Nxg6  Qa6+  0-1

[Event "tht Extraliga 16/17,Lysa nad Labem A-SK AD Jicin"]
[Site "Jicin"]
[Date "2017.01.29"]
[Round "6.5"]
[White "Plat, Vojtech"]
[Black "Kraus, Tomas"]
[WhiteElo "2520"]
[BlackElo "2415"]
[Result "1-0"]

1. d4  f5  2. e4  fxe4
3. Nc3  Nf6  4. Bg5
c6  5. f3  e3
6. Bxe3  d5  7. Qd2  Nbd7
8. O-O-O  b5  9. Re1
Nb6  10. Bg5  Nc4
11. Qf4  e6  12. Bxc4
bxc4  13. Bxf6  Qxf6
14. Qxf6  gxf6  15. f4
Rg8  16. g3  c5
17. Nf3  cxd4  18. Nb5  Rg7
19. Nfxd4  a6  20. Nxe6
axb5  21. Nxg7+  Kf7
22. Nh5  Rxa2  23. Kb1
Ra6  24. h3  Bf5
25. g4  Be4  26. Rhf1
Bb4  27. Re2  c3
28. Ng3  cxb2  29. Kxb2
Bc3+  30. Kxc3  Ra3+
31. Kb4  Rxg3  32. Rh2
Kg6  33. Ra1  h5
34. gxh5+  Kf5  35. Ra7
Rg8  36. h6  Rg6
37. h7  Rh6  38. Kxb5
Kxf4  39. Rf2+  Kg3
40. Rxf6  Rxh7  41. Rxh7
Bxh7  42. c3  1-0

[Event "tht Extraliga 16/17,Lysa nad Labem A-SK AD Jicin"]
[Site "Jicin"]
[Date "2017.01.29"]
[Round "6.6"]
[White "Vykouk, Jan"]
[Black "Krejci, Jan"]
[WhiteElo "2439"]
[BlackElo "2495"]
[Result "0-1"]

1. e4  e5  2. Nf3  Nc6
3. Bb5  a6  4. Ba4
Nf6  5. O-O  Be7
6. Re1  b5  7. Bb3
O-O  8. h3  Bb7
9. d3  d6  10. a3  Qd7
11. Nbd2  Rfe8  12. Nf1
Nd8  13. Ng3  Ne6
14. c3  c5  15. Ng5
d5  16. exd5  Nxg5
17. Bxg5  Nxd5  18. Bxe7
Rxe7  19. Ne4  Nf4
20. Nxc5  Qc6  21. Ne4
Qg6  22. Qf3  Kh8
23. Qg3  Qxg3  24. Nxg3
Nxg2  25. Red1  Nf4
26. Kh2  Bf3  27. Rd2
Rd8  28. d4  exd4
29. cxd4  g6  30. Rc1
Red7  31. Rc3  Bd5
32. Bxd5  Rxd5  33. Rc7
Kg7  34. Ra7  Rxd4
35. Rxd4  Rxd4  36. Rxa6
Rd2  37. Ne4  Rxb2
38. Ra7  Nd3  39. Nd6
Nxf2  40. Nxf7  Ne4+
41. Kg1  Kf6  42. Nh6
Kg5  43. Rxh7  Rb3
44. Nf7+  Kf5  45. Nd8
Kf4  46. Rh4+  Kf3
47. Nc6  Rb1+  48. Kh2
Rb2+  49. Kg1  Rg2+
50. Kf1  Nd2+  51. Ke1
Ke3  52. Kd1  Nc4
53. Nb4  g5  54. Rh8
Nxa3  55. Re8+  Kd4
56. Nc6+  Kc5  57. Ne5
Nc4  58. Rc8+  Kd4
59. Nc6+  Kc3  60. Rb8
Nb2+  61. Ke1  Nd3+
62. Kf1  Rf2+  63. Kg1
Rf5  64. Na7  b4
65. Nb5+  Kd2  66. Nd4
Rd5  67. Nc6  Kc3
68. Nxb4  Nxb4  69. Kg2
Nc2  70. Kf3  Rf5+
71. Kg3  Ne3  72. Rd8
Rf4  73. Rg8  Nf1+
74. Kg2  Rf5  75. Rd8
Kc4  76. Rd7  Ne3+
77. Kg3  Rf4  78. Rd8
Nf5+  79. Kg2  Ne3+
80. Kg3  Nd5  81. Rg8
Rf5  82. h4  gxh4+
83. Kxh4  Kd4  84. Re8
Nf6  85. Re7  Ne4
86. Kg4  Rf1  87. Ra7
Nf6+  88. Kg3  Nd5
89. Ra8  Ke4  90. Re8+
Kf5  91. Rf8+  Nf6
92. Kg2  Rf4  93. Ra8
Kg4  94. Rf8  Rf5
95. Ra8  Ne4  96. Ra4
Rf2+  97. Kg1  Re2
98. Kf1  Re3  99. Ra8
Ng3+  100. Kf2  Re2+
101. Kg1  Nh5  102. Kf1
Nf4  103. Rf8  Re6
104. Kf2  Nd3+  105. Kg2
Re2+  106. Kf1  Re3
107. Kg2  Nf4+  108. Kf2
Rf3+  0-1

[Event "tht Extraliga 16/17,Lysa nad Labem A-SK AD Jicin"]
[Site "Jicin"]
[Date "2017.01.29"]
[Round "6.7"]
[White "Oral, Tomas"]
[Black "Svoboda, Vaclav"]
[WhiteElo "2503"]
[BlackElo "2426"]
[Result "1-0"]

1. e4  c5  2. Nf3  e6
3. d4  cxd4  4. Nxd4
Nc6  5. Nc3  d6
6. Be3  Nf6  7. f4  Be7
8. Qf3  e5  9. Nf5
Bxf5  10. exf5  Nd4
11. Bb5+  Kf8  12. Qd1
Nxf5  13. Bf2  exf4
14. Qf3  g6  15. Qxf4
d5  16. O-O-O  Qa5
17. g4  Ng7  18. Rhe1
g5  19. Qe5  Ne6
20. Bd7  Qc7  21. Bxe6
Qxe5  22. Rxe5  fxe6
23. Rxe6  Kf7  24. Re2
Rhd8  25. Bd4  h5
26. Rf1  Rd6  27. Bc5
1-0

[Event "tht Extraliga 16/17,Lysa nad Labem A-SK AD Jicin"]
[Site "Jicin"]
[Date "2017.01.29"]
[Round "6.8"]
[White "Kourousis, Epaminondas"]
[Black "Jansa, Vlastimil"]
[WhiteElo "2383"]
[BlackElo "2447"]
[Result "1/2-1/2"]

1. Nf3  g6  2. d4  Bg7
3. e4  d6  4. Bd3
Bg4  5. c3  Nc6
6. Nbd2  e5  7. h3  Bxf3
8. Nxf3  exd4  9. cxd4
Nf6  10. O-O  O-O
11. Re1  Nb4  12. Bf1
c5  13. Bd2  Qb6
14. e5  dxe5  15. dxc5
Qxc5  16. Rxe5  Nbd5
17. Bg5  Rad8  18. Qb3
h6  19. Rc1  Qb6
20. Qxb6  Nxb6  21. Bxf6
Bxf6  22. Re2  1/2-1/2

[Event "tht Extraliga 16/17,Lysa nad Labem B-Rapid Pardubice"]
[Site "Pardubice"]
[Date "2017.01.29"]
[Round "6.1"]
[White "Nguyen, Thai"]
[Black "Rodshtein, Maxim"]
[WhiteElo "2429"]
[BlackElo "2693"]
[Result "1/2-1/2"]

1. e4  c6  2. d4  d5
3. Nc3  dxe4  4. Nxe4
Nd7  5. Ng5  Ngf6
6. Bd3  e6  7. N1f3
Bd6  8. Qe2  h6
9. Ne4  Nxe4  10. Qxe4  Qc7
11. Bd2  b6  12. O-O-O
Bb7  13. Qe2  c5
14. dxc5  Nxc5  15. Bb5+
Kf8  16. Be3  a6
17. Bxc5  Qxc5  18. Bd3
Qb4  19. Rhe1  Ke7
20. Be4  Qxe4  21. Qxe4
Bxe4  22. Rxe4  Rhc8
23. c3  b5  24. Kb1
Rc5  25. a4  Rb8
26. Red4  Rc6  27. axb5
axb5  28. h3  Rb7
29. R4d3  Rbc7  30. Nd4
Rb6  31. Nxb5  Rxb5
32. Rxd6  Rxc3  33. Rd7+
Kf6  1/2-1/2

[Event "tht Extraliga 16/17,Lysa nad Labem B-Rapid Pardubice"]
[Site "Pardubice"]
[Date "2017.01.29"]
[Round "6.2"]
[White "Movsesian, Sergei"]
[Black "Suran, Jan"]
[WhiteElo "2676"]
[BlackElo "2413"]
[Result "1-0"]

1. e4  g6  2. d4  Bg7
3. Nc3  d6  4. Be3
Nf6  5. h3  Nbd7
6. f4  e5  7. dxe5
dxe5  8. f5  b6
9. g4  Bb7  10. Qf3  h6
11. Nge2  Qe7  12. Ng3
g5  13. O-O-O  O-O-O
14. Bc4  c6  15. a3
Nf8  16. Rxd8+  Kxd8
17. Qe2  Kc7  18. Ba2
N8d7  19. Qc4  Rf8
20. h4  gxh4  21. Nh5
Rg8  22. Qxf7  Qxf7
23. Bxf7  Nxh5  24. Bxg8
Nhf6  25. Bf7  Nxg4
26. Bd2  Bf6  27. Bh5
1-0

[Event "tht Extraliga 16/17,Lysa nad Labem B-Rapid Pardubice"]
[Site "Pardubice"]
[Date "2017.01.29"]
[Round "6.3"]
[White "Londyn, Radek"]
[Black "Kempinski, Robert"]
[WhiteElo "2418"]
[BlackElo "2595"]
[Result "1/2-1/2"]

1. d4  d6  2. Bf4  Nd7
3. Nf3  g6  4. e3
Bg7  5. h3  e5
6. Bh2  Ne7  7. Be2  O-O
8. O-O  Nf5  9. c3
e4  10. Nfd2  Re8
11. Re1  Nh4  12. Bg3
Qg5  13. Bf1  Nf6
14. Bf4  Qf5  15. g4
Qd5  16. Qb3  Qxb3
17. axb3  h6  18. Bg3
g5  19. Na3  a6
20. Nb5  Re7  21. c4  b6
22. d5  h5  23. gxh5
Nxh5  24. Bxh4  gxh4
25. Bg2  f5  26. Nc3
Nf6  27. b4  Nd7
28. Bf1  Ne5  29. Be2
Bb7  30. Kh2  Bh6
31. Rg1+  Kh8  32. c5
bxc5  33. bxc5  dxc5
34. Nb3  Nd7  35. Na5
Rb8  36. Nxb7  Rxb7
37. Rxa6  Bg7  38. Re6
Bf6  39. Bb5  Rxe6
40. dxe6  Ne5  41. Nd5
Nf3+  42. Kh1  Bd8
43. Bc6  Rxb2  44. Rf1
Kg7  45. e7  Bxe7
46. Nxe7  Kf6  47. Nd5+
Ke5  48. Nf4  c4
49. Kg2  c3  50. Rc1
c2  51. Ne2  Rb1
52. Kf1  Nd2+  53. Kg2
Nf3  54. Kf1  Nd2+
55. Kg2  Nf3  1/2-1/2

[Event "tht Extraliga 16/17,Lysa nad Labem B-Rapid Pardubice"]
[Site "Pardubice"]
[Date "2017.01.29"]
[Round "6.4"]
[White "Votava, Jan"]
[Black "Cerveny, Martin"]
[WhiteElo "2532"]
[BlackElo "2395"]
[Result "1/2-1/2"]

1. c4  Nf6  2. g3  e5
3. Bg2  Be7  4. Nc3
O-O  5. d3  c6
6. e4  a6  7. Nge2  b5
8. O-O  Bb7  9. a3
h6  10. d4  d6
11. cxb5  cxb5  12. b4  Nbd7
13. a4  a5  14. Nxb5
axb4  15. Bd2  Nxe4
16. Bxb4  d5  17. Bxe7
Qxe7  18. dxe5  Nxe5
19. Ned4  Qf6  20. Nf3
Nxf3+  21. Bxf3  Ba6
22. Re1  Bxb5  23. Bxe4
Bxa4  24. Rxa4  1/2-1/2

[Event "tht Extraliga 16/17,Lysa nad Labem B-Rapid Pardubice"]
[Site "Pardubice"]
[Date "2017.01.29"]
[Round "6.5"]
[White "Worek, Joanna"]
[Black "Petr, Martin"]
[WhiteElo "2344"]
[BlackElo "2498"]
[Result "0-1"]

1. d4  Nf6  2. Bf4  g6
3. e3  Bg7  4. h4
c5  5. c3  Qb6
6. Qb3  d6  7. Nd2  Be6
8. Bc4  Bxc4  9. Nxc4
Qc6  10. Nf3  b6
11. Rd1  O-O  12. O-O
Nbd7  13. Rfe1  b5
14. Na3  Rab8  15. e4
b4  16. cxb4  Rxb4
17. Qc2  Qa6  18. Bd2
Ra4  19. e5  dxe5
20. dxe5  Nd5  21. h5
e6  22. Re4  Rxe4
23. Qxe4  Rb8  24. hxg6
hxg6  25. Bc1  Rb4
26. Qe1  Ra4  27. g3
c4  28. Nb1  Rxa2
29. Nc3  Ra1  30. Nxd5
exd5  31. Kg2  Qe6
32. Qh1  Nxe5  33. Ng5
Qe7  34. Qh7+  Kf8
35. Qh3  Qb7  36. Qh4
d4+  37. Ne4  g5
38. Bxg5  Rxd1  0-1

[Event "tht Extraliga 16/17,Lysa nad Labem B-Rapid Pardubice"]
[Site "Pardubice"]
[Date "2017.01.29"]
[Round "6.6"]
[White "Marek, Matyas"]
[Black "Spacek, Petr"]
[WhiteElo "2363"]
[BlackElo "2371"]
[Result "1/2-1/2"]

1. e4  e5  2. Nf3  Nc6
3. Bc4  Nf6  4. d3
Be7  5. O-O  O-O
6. Re1  d6  7. c3
Na5  8. Bb5  a6
9. Ba4  b5  10. Bc2  c5
11. Nbd2  Nc6  12. Nf1
h6  13. Ne3  Be6
14. d4  cxd4  15. cxd4
Nxd4  16. Nxd4  exd4
17. Qxd4  Rc8  18. Bd3
d5  19. e5  Bc5
20. Qh4  Ne4  21. Qxd8  Rfxd8
22. f3  Bb4  23. Rd1
Nc5  24. Bf1  Nd7
25. f4  d4  26. Rxd4
Bc5  1/2-1/2

[Event "tht Extraliga 16/17,Lysa nad Labem B-Rapid Pardubice"]
[Site "Pardubice"]
[Date "2017.01.29"]
[Round "6.7"]
[White "Bednar, Marcel"]
[Black "Konopka, Michal"]
[WhiteElo "2276"]
[BlackElo "2394"]
[Result "0-1"]

1. d4  d5  2. Nf3  c6
3. c4  e6  4. Qb3
Nf6  5. Bg5  Be7
6. g3  O-O  7. Bg2
a5  8. a4  b6
9. O-O  Ba6  10. Nbd2  Nbd7
11. Rfe1  Bb4  12. e4
h6  13. Bxf6  Nxf6
14. Re3  Rc8  15. Rd1
Qc7  16. Qa2  Rfd8
17. h3  dxc4  18. Nxc4
c5  19. d5  Nxe4
20. Nxb6  Qxb6  21. Rxe4
Bb7  22. Ne5  Bxd5
23. Rxb4  Bxa2  24. Rxb6
Rxd1+  25. Kh2  Rc7
26. Be4  g6  27. b3
Re1  28. Ng4  f5
29. Rxe6  Rxe4  30. Rxg6+
Kh7  0-1

[Event "tht Extraliga 16/17,Lysa nad Labem B-Rapid Pardubice"]
[Site "Pardubice"]
[Date "2017.01.29"]
[Round "6.8"]
[White "Pulpan, Jakub"]
[Black "Balacek, Tadeas"]
[WhiteElo "2405"]
[BlackElo "2332"]
[Result "1/2-1/2"]

1. e4  e6  2. d4  d5
3. Nc3  Nf6  4. Bg5
Bb4  5. e5  h6
6. Bd2  Bxc3  7. bxc3  Ne4
8. Qg4  Kf8  9. Bd3
Nxd2  10. Kxd2  c5
11. Nf3  cxd4  12. cxd4
Qa5+  13. Ke2  b6
14. h4  Ba6  15. h5
Nc6  16. a3  Rc8
17. Rhd1  Qa4  18. Kf1
Ne7  19. Kg1  Rc3
20. Nh4  Bxd3  21. cxd3
Kg8  22. Ng6  Nxg6
23. hxg6  Qe8  24. Rdc1
Rxc1+  25. Rxc1  fxg6
26. Rc7  Kh7  27. Rxa7
1/2-1/2

[Event "tht Extraliga 16/17,Novy Bor-BSS Frydek Mistek"]
[Site "Frydek-Mistek"]
[Date "2017.01.29"]
[Round "6.1"]
[White "Navara, David"]
[Black "Korobov, Anton"]
[WhiteElo "2735"]
[BlackElo "2689"]
[Result "1-0"]

1. c4  e6  2. d4  d5
3. Nf3  c6  4. Qc2
Nf6  5. Bf4  Be7
6. e3  Nh5  7. Nc3
Nd7  8. O-O-O  Nxf4
9. exf4 O-O  10. h4  Qc7
11. g3  Nf6  12. Ne5
c5  13. Bg2  Rd8
14. Kb1  Rb8  15. Rhe1
a6  16. g4 dxc4  17. d5
Bd6  18. g5  Bxe5
19. fxe5  Nxd5  20. Bxd5
exd5  21. Nxd5  Qa5
22. Ne7+  Kh8  23. Nxc8
Rbxc8  24. Qxc4  Qc7
25. f4 b5  26. Qe4  Rxd1+
27. Rxd1  Rd8  28. Rd6 Qc8
29. h5  g6  30. e6
Rxd6  31. Qe5+  Kg8
32. h6  Rd1+  33. Kc2
f6  34. gxf6  Rd7
35. f7+  Rxf7  36. exf7+
Kxf7  37. Qg7+  Ke6
38. Qxh7  Qe8  39. Qg7
Qf7  40. Qe5+  Kd7
41. Qxc5  Qxf4  42. h7
Qh2+  43. Kb3  Qg3+
44. Kb4  Qe1+  45. Ka3
Qh4  46. b3  1-0

[Event "tht Extraliga 16/17,Novy Bor-BSS Frydek Mistek"]
[Site "Frydek-Mistek"]
[Date "2017.01.29"]
[Round "6.3"]
[White "Shirov, Alexej"]
[Black "Azarov, Sergei"]
[WhiteElo "2683"]
[BlackElo "2594"]
[Result "1/2-1/2"]

1. e4  e5  2. Nf3  Nc6
3. Bb5  a6  4. Ba4 Nf6
5. O-O  Be7  6. Re1
b5  7. Bb3  d6
8. c3  O-O  9. h3  h6
10. d4  Re8  11. Nbd2
Bf8  12. Nf1  Bb7
13. Ng3  Na5  14. Bc2
Nc4 15. a4  d5  16. b3
dxe4  17. Nxe4  Nxe4
18. Rxe4  Bxe4  19. Bxe4
Nb6  20. Bxa8  Nxa8
21. axb5  axb5  22. Be3
exd4  23. Nxd4  Qd5
24. Qg4  h5  25. Qg3 c5
26. Nxb5  Qxb3  27. Qf3
Qxb5  1/2-1/2